Responses for Show #4867 - Tuesday, November 8, 2005

2005 College Championship quarterfinal game 2.
From the RBC Center in Raleigh, North Carolina.

Contestants

[<< previous game]

Alison Jenik, a junior at the University of Maryland from New York, New York

Jayanth Iyengar, a junior at Washington University in St. Louis from Madison, Wisconsin

Malisha Butts, a senior at North Carolina Central University from Durham, North Carolina

[next game >>]

Jeopardy! Round responses

PANTHERS & BOBCATS
TOM HANKS MOVIE ROLES
U.S. CITIES
WORD HISTORY
THE STARS
ANAGRAMMED CABINET DEPARTMENTS
    $200 1
blindness

Jayanth
    $200 17
Cast Away

Alison
    $200 2
Houston

Jayanth
    $200 7
(Malisha: What is ravi?)

rabbi

MalishaAlison
    $200 20
pulsars

Malisha
    $200 12
Treasury

Alison
    $400 25
purr

Jayanth
    $400 18
The Terminal

Alison
    $400 3
Denver

Alison
    $400 8
(Malisha: What is barber?)

doctor

Malisha
Triple Stumper
    $400 21
Orion

Malisha
    $400 13
(Jayanth: Uh... what is, uh, Environment?)

Interior

Jayanth
Triple Stumper
    $600 27
a leopard

Jayanth
    $600 19
The Green Mile

Jayanth
    $600 4
Cincinnati

Alison
    $600 9
parentheses

Alison
    $600 24
magnitude

Malisha
    $600 14
(Alex: It's another way of saying [*], isn't it?)

Transportation

Triple Stumper
    $800 28
(Jayanth: [Shakes head] No.)

lynx

Jayanth
    $800 22
Philadelphia

Alison
    $800 5
San Diego

Jayanth
    $800 10
woodchuck

Jayanth
    $800 26
The North Star

Malisha
    $800 15
(Alison: What is Treasury? No.)

Education

Alison
Triple Stumper
    $1000 29
a mountain lion

Jayanth
    $1000 23
Road to Perdition

Jayanth
    $1000 6
Huntsville

Jayanth
    $1000 11
mousse

Alison
    $1000 30
(Jayanth: What is Gamma?)
(Malisha: What is Proximini?)
...
(Alex: Malisha, you were close. What is [*]? [*] Centauri.)

Proxima

MalishaJayanth
Triple Stumper
    $1000 16
Agriculture

Triple Stumper

Scores at the first commercial break (after clue 16):

Malisha Jayanth Alison
-$600 $2,600 $2,200

Scores at the end of the Jeopardy! Round:

Malisha Jayanth Alison
$400 $4,400 $3,600

Double Jeopardy! Round responses

CLIFFS NOTES: DRAMA
CELEBRITY ALUMNI
HE'S A REBEL
BEAUTY & THE GREEK
(Alex: We want you to tell us what each one means in...)
MEDICAL PREFIXES & SUFFIXES
STATE "NC"
    $400 6
Death of a Salesman

Jayanth
    $400 26
London

Alison
    $400 21
(Jefferson) Davis

Malisha
    $400 11
Pandora

Jayanth
    $400 16
split

Alison
    $400 1
pencils

Malisha
    $800 7
Who's Afraid of Virginia Woolf?

Jayanth
    $800 27
Lucy Liu

Malisha
    $800 22
Gettysburg

Jayanth
    $800 12
Mount Olympus

Alison
    $800 17
tongue

Jayanth
    $800 2
a dance

Alison
    $1200 8
The Glass Menagerie

Alison
    $1200 28
Kelly Ripa

Alison
    $1200 23
Stonewall Jackson

Jayanth
    $1200 13
Aphrodite

Jayanth
    $1,000 18
hardening

Jayanth
    $1200 3
functions

Triple Stumper
    $1600 9
Our Town

Malisha
    $1600 29
Natalie Portman

Alison
    $1600 24
(Alison: Who is John Brown?)

William Quantrill

Alison
Triple Stumper
    $1600 14
Elektra

Triple Stumper
    $1600 19
fast

Triple Stumper
    $1600 4
(Jayanth: Uh, what is a, uh, receptionist?)

a guidance counselor

Jayanth
Triple Stumper
    $2000 10
Waiting for Godot

Malisha
    $2000 30
Sue Grafton

Alison
    $2000 25
Jubal Early

Triple Stumper
    $2000 15
Persephone

Alison
    $2000 20
white

Malisha
    $2000 5
(Jayanth: Um... I don't know.)

disenfranchised

Jayanth
Triple Stumper

Scores at the end of the Double Jeopardy! Round:

Malisha Jayanth Alison
$7,600 $7,400 $12,400

Final Jeopardy! Round responses

CONTINENTS
JayanthWhat is Australia?
$5,600
MalishaWhat is N Europe
$5,555
AlisonWhat is Antartica?
$2,400
Australia

Final scores:

Malisha Jayanth Alison
$2,045 $13,000 $10,000
3rd place: $5,000 if eliminated Automatic semifinalist 2nd place: $5,000 if eliminated

Game dynamics:

Coryat scores:

Malisha Jayanth Alison
$7,600 $8,400 $12,400
10 R,
3 W
18 R
(including 2 DDs),
5 W
(including 1 DD)
18 R,
2 W

Combined Coryat: $28,400

[game clues] [game scores] [suggest correction]

Game tape date: 2005-10-01
The J! Archive is created by fans, for fans. Scraping, republication, monetization, and malicious use prohibited; this site may use cookies and collect identifying information. See terms. The Jeopardy! game show and all elements thereof, including but not limited to copyright and trademark thereto, are the property of Jeopardy Productions, Inc. and are protected under law. This website is not affiliated with, sponsored by, or operated by Jeopardy Productions, Inc. Join the discussion at JBoard.tv.